| 000 | 00392nam a22001457a 4500 | ||
|---|---|---|---|
| 003 | MACL | ||
| 005 | 20170613130051.0 | ||
| 008 | 170613b xxu||||| |||| 00| 0 eng d | ||
| 040 | _c MACL | ||
| 100 |
_aShukla Dr. Priyadarshini _967443 |
||
| 245 | _aHoly Ganga Polluted Purifier | ||
| 260 |
_aDelhi _bShree Kala Prakashan _c2010 |
||
| 650 |
_aHydraulic engineering _967447 |
||
| 942 |
_2ddc _cBK |
||
| 999 |
_c56523 _d56523 |
||